Szczegóły MARC21

Piłka siatkowa : nauczanie i doskonalenie gry /

003 -Nazwa inst., której nr kontr. jest w polu 001 [,]
    • @
    • Nazwa instytucji, której n kontrolny jest w polu 001
    • NUKAT
005 -DATA I CZAS OSTATNIEJ MODYFIKACJI [,]
    • @
    • pole kontrolne
    • 20241231102350.0
040 -Instytucja sporządzająca opis [ , ]
    • a
    • Instytucja, która sporządziła opis (NP)
    • GD 88/JR
    • c
    • Instytucja, która sporządziła rekord (NP)
    • GD 88/JR
    • d
    • Instytucja, która zmodyfikowała rekord (P)
    • GD 88/JR
942 -Rodzaj dokumentu [ , ]
    • c
    • Rodzaj dokumentu
    • Książka
100 -Hasło główne - nazwa osobowa [1, ]
    • a
    • Nazwa osobowa (NP)
    • Kulgawczuk, Roman.
    • 9
    • KHW
    • 52464
245 -Strefa tytułu i oznaczenia odpowiedzialności [1,0]
    • a
    • Tytuł
    • Piłka siatkowa : Find
    • b
    • Ciąg dalszy tytułu (NP)
    • nauczanie i doskonalenie gry / Find
    • c
    • Pozostałe elementy strefy tytułu i oznaczenia odpowiedzialności (NP)
    • Roman Kulgawczuk ; Resortowe centrum Metodyczno-Szkoleniowe Kultury Fizycznej i Sportu.
260 -Strefa adresu wydawniczego [ , ]
    • a
    • Miejsce wydania (P)
    • Warszawa :
    • b
    • Nazwa wydawcy (P)
    • Resortowe Centrum Metodyczno-Szkoleniowe Kultury Fizycznej i Sportu,
    • c
    • Data wydania (P)
    • cop. 1990.
300 -Strefa opisu fizycznego [ , ]
    • a
    • Określenie formy książki i/lub objętość (NP)
    • 99 s. :
    • b
    • Oznaczenie ilustracji (NP)
    • il. ;
    • c
    • Format (NP)
    • 21 cm.
336 -Typ zawartości [ , ]
    • a
    • Termin opisujący typ zawartości
    • Tekst
    • b
    • Kod określający zawartość
    • txt
    • 2
    • Źródło (terminu i kodu)
    • rdacontent
337 -Typ mediów [ , ]
    • a
    • Tryb odtwarzania
    • Bez urządzenia pośredniczącego
    • b
    • Kod typu mediów
    • n
    • 2
    • Źródło (terminu i kodu)
    • rdamedia
338 -Typ/rodzaj nośnika [ , ]
    • a
    • Hasło opisujące typ nośnika
    • Wolumin
    • b
    • Kod typu nośnika
    • nc
    • 2
    • Źródło (terminu i kodu)
    • rdacarrier
490 -Strefa serii i książki wielotomowej - forma nie do wyszukiwania [1, ]
    • a
    • Tytuł (P)
    • Biblioteka Trenera Find
830 -Hasło dodatkowe serii i opisu książki wielotomowej - tytuł ujednolicony/tytuł [ ,0]
    • a
    • Tytuł ujednolicony/tytuł (NP)
    • Biblioteka Trenera
    • 9
    • KHW
    • 1679
080 -Uniwersalna Klasyfikacja Dziesiętna [ , ]
    • a
    • Symbol klasyfikacji
    • 796.325.015
    • 2
    • Identyfikator wydania tablic
    • UDC-P058
    • 9
    • UKD
    • 19019
    • b
    • Dopowiedzenie
    • Siatkówka. - Trening. Przygotowanie sportowe.
    • 4
    • UKD2
    • 13123
    • x
    • Poddział wspólny
    • (072)
    • c
    • Dopowiedzenie poddz. wspólnego
    • (Materiały do nauczania dla nauczycieli).
980 -Symbol UKD [ , ]
    • a
    • UKD
    • 796.325.015(072)
Sygnatura Numer inwentarzowy Status udost. Data inwentaryzacji Lokalizacja
W.177271W.177272-91994-01-28BG
W.177271W.177273-91994-01-28BG
W.177271W.177274-91994-01-28BG
W.177271W.17727521994-01-28BG
W.177271W.17727721994-01-28BG
W.177271W.17727821994-01-28BG
W.177271W.17727921994-01-28BG
W.177271W.177271-91994-01-28BG
Z.80258Z.8025811994-01-28BG
Piłka siatkowa 01WF.35411 BM
 WF.36052 BM